000 01067njm a22003017a 4500
005 20100914152621.0
007 sd ammalaaahaa
008 100913t xxu||||| |||| 00| 0 hin d
028 _a2675523
_bMusicIndia
035 _aGR-03767
040 _aSED/VEN
100 _aSharma,Vinod
_91184
245 _aSampuran sundar kand Bhaag -1 /
_cby Vinod Sharma
_h[sound recording] :
246 _aसम्पुरण सुन्दर कांड / विनोद शर्मा द्वारा
260 _aDum Dum India
_bMusicIndia
_c1983
300 _a1 sound disc [Gramophone record] :
_banalog, 33 1/3 rpm
_c12.5 in. (LP)
_fGramophone Record
500 _aBrief Record
500 _aRecord label :MusicIndia, White
505 _aSide-Sampoorna Sundarkand
600 _aSharma, Vinod
_919992
650 _aHindi Film Song
_xExcerpts
_zIndia
_919603
650 _920739
700 _919604
700 _919605
700 _920751
942 _2ddc
_cGR
999 _c46951
_d46951